000 00619nam a2200193Ia 4500
003 GCL
008 140319s9999 xx 000 0 ara d
040 _aGCL /
_cGCL
082 0 4 _a833.008
_bا ق
100 1 _aانده, ميشائيل
245 1 0 _aقصة بلا نهاية /
_cانده, ميشائيل
700 1 _aباهر محمد الجوهرى
260 _a[S.N] :
_bالهيئة المصرية العامة للكتاب ،
_c1988
300 _a550 ص
490 _a
650 0 4 _aالقصص الالمانية المترجمة
650 0 4 _aالادب الالمانى المترجم
942 _2ddc
_cBK
999 _c29458
_d29458